000 01648camaa2200373 i 4500
003 EG-GiCUC
005 20260122140143.0
008 070621s1983 su jr 000 0 ara d
040 _aEG-GiCUC
_bara
_cEG-GiCUC
050 4 _aPJ7701.6T35.
_bS5
082 0 4 _2811.4
_aS6198
_b21
092 0 4 _a811.4
_bS6198
_221
099 _a811.4 S6198
100 1 _aالسريحى، سعيد مصلح
_eمؤلف.
245 1 0 _aشعر أبى تمام بين النقد القديم ورؤية النقد الجديد /
_cسعيد مصلح السريحى
246 0 5 _aابى تمام بين النقد القديم ورؤية النقد الجديد
250 _aالطبعة الاولى
264 _aبيروت :
_bالنادى الادبى الثقافى،
_c1983.
300 _a318صفحة ؛
_c20سم.
336 _2rdacontent
_atext
337 _2rdamedia
_aUnmediated
338 _2rdacarrier
_avolume
490 _aكتاب النادى الادبى الثقافى ؛
_v12
500 _aاطروحه (ماجستير) -جامعه ام القرى بمكه المكرمه
500 _aالنسخة رقم(174040) اهداء د. جابر عصفور
504 _aيشتمل على ارجاعات ببليوجرافيه (ص305-315)
541 _aد. جابر عصفور ؛
_bاهداء ؛
_cالقاهرة ؛
_d2024.
600 0 0 _aابو تمام حبيب بن اوس الطائى
_dاشتهر808-842
_xنقد و تفسير
650 7 _aالشعر العربى
_xتاريخ
_yالعصر العباسى الاول
_2qrmak
902 _a1
905 _aالهام
_eمدخل
905 _aايمان ع
_eمراجع
942 _2ddc
_cBK
_e21
_n0
999 _c97554
_d97554